000 00269nam a22001337a 4500
041 _aENG
100 _aM.G Som
245 _aVegtable Crops Vol 3
260 _aDelhi
_bAStral
_c2021
300 _a1040
650 _aAgricural
700 _aT.K Bose
856 _uAgricural
999 _c3221
_d3221